[Event "Paleochora op 9th"]
[Site "Paleochora"]
[Date "2016.07.26"]
[Round "8"]
[White "Hrisanthakopoulos, Dimitrios"]
[Black "Pulkkinen, Kari"]
[Result "0-1"]
[WhiteElo "2037"]
[BlackElo "2223"]
[PlyCount "70"]
[EventDate "2016.07.20"]
[EventType "swiss"]
[EventRounds "9"]
[EventCountry "GRE"]
[SourceTitle "EXT 2017"]
[Source "ChessBase"]
[SourceDate "2016.10.25"]
[SourceVersion "1"]
[SourceVersionDate "2016.10.25"]
[SourceQuality "1"]

1. e4 c5 2. b3 Nc6 3. Bb2 d6 4. Bb5 Bd7 5. f4 Nf6 6. Nc3 a6 7. Bxc6 Bxc6 8. Qe2 b5 9. d3 e6 10. Nf3 Be7 11. 0-0 0-0 12. e5 dxe5 13. Nxe5 Bb7 14. Ne4 Rc8 15. c4 Rc7 16. Rf3 Nxe4 17. dxe4 f6 18. Rd3 Qe8 19. Ng4 Qc6 20. Re1 Rd7 21. Rxd7 Qxd7 22. f5 e5 23. Nf2 Rd8 24. Rd1 Qc6 25. Rd5 bxc4 26. Rxd8+ Bxd8 27. Qxc4+ Kf8 28. Ba3 Be7 29. Kf1 a5 30. Ke1 Ba6 31. Qd5 Qb5 32. Qa8+ Kf7 33. Qd5+ Ke8 34. Qg8+ Kd7 35. Qe6+ Kd8 0-1

[Event "GRE-ch U20"]
[Site "Chania"]
[Date "2003.04.21"]
[Round "3"]
[White "Papadakis, Michalis"]
[Black "Hrisanthakopoulos, Dimitrios"]
[Result "1-0"]
[WhiteElo "1870"]
[BlackElo "1860"]
[PlyCount "59"]
[EventDate "2003.04.??"]
[EventType "swiss"]
[EventRounds "7"]
[EventCountry "GRE"]
[SourceTitle "EXT 2005"]
[Source "ChessBase"]
[SourceDate "2004.11.15"]
[SourceVersion "1"]
[SourceVersionDate "2004.11.15"]
[SourceQuality "1"]

1. d4 Nf6 2. c4 d6 3. Nc3 e5 4. dxe5 dxe5 5. Qxd8+ Kxd8 6. Bg5 c6 7. Nf3 Nbd7 8. a3 a5 9. e3 Kc7 10. Be2 Ne8 11. 0-0-0 f6 12. Bh4 a4 13. Nd2 Nd6 14. Nde4 Nf5 15. Bg3 h5 16. h3 Nc5 17. Bh2 Nb3+ 18. Kc2 Nc5 19. g4 Nxe4 20. Nxe4 Nd6 21. Nxd6 Bxd6 22. gxh5 Bxh3 23. Kc1 Be6 24. Rdg1 Rag8 25. Rg2 Bf7 26. Bg3 g6 27. Rgh2 gxh5 28. Kc2 f5 29. c5 Rxg3 30. cxd6+ 1-0